00453pab a2200145 454500008004000000100002300040245012200063260000900185300001400194362000800208650002100216700002100237700001900258773003000277180718b2004 xxu||||| |||| 00| 0 eng d aCambrosio, Alberto aMapping collaborative work and innovation in biomedicine: a computer-assisted analysis of antibody Reagent workshops. c2004 ap.325-64. aJun aMedical sciences aMogoutov, Andrei aKeating, Peter aSocial Studies of Science